[Event "European Youth Chess Championship G16"]
[Site "Prague, Top Hotel Prague"]
[Date "2012.08.18"]
[Round "2.10"]
[White "Szente Varga, Fruzsina"]
[Black "Marikova, Jana"]
[Result "1-0"]
[PlyCount "0"]
[BlackElo "1887"]
[WhiteElo "2053"]

1. c4 {[%clk 1:30:55]} Nf6 {[%clk 1:30:54]} 2. Nc3 {[%clk 1:31:18]} g6
{[%clk 1:31:20]} 3. g3 {[%clk 1:31:28]} Bg7 {[%clk 1:31:44]} 4. Bg2
{[%clk 1:31:19]} d6 {[%clk 1:31:32]} 5. Nf3 {[%clk 1:32:09]} O-O {[%clk 1:31:48]}
6. O-O {[%clk 1:32:20]} c5 {[%clk 1:28:30]} 7. d3 {[%clk 1:19:30]} Bd7
{[%clk 1:13:25]} 8. a3 {[%clk 1:18:06]} Bc6 {[%clk 1:08:36]} 9. Rb1
{[%clk 1:14:54]} a5 {[%clk 1:04:00]} 10. b4 {[%clk 1:02:54]} axb4
{[%clk 1:03:32]} 11. axb4 {[%clk 1:03:19]} cxb4 {[%clk 0:56:42]} 12. Rxb4
{[%clk 1:01:15]} d5 {[%clk 0:53:14]} 13. cxd5 {[%clk 0:42:01]} Nxd5
{[%clk 0:53:34]} 14. Nxd5 {[%clk 0:42:27]} Qxd5 {[%clk 0:53:34]} 15. Bb2
{[%clk 0:28:55]} Na6 {[%clk 0:49:15]} 16. Bxg7 {[%clk 0:27:14]} Kxg7
{[%clk 0:48:48]} 17. Rh4 {[%clk 0:23:33]} h5 {[%clk 0:37:09]} 18. e4
{[%clk 0:17:54]} Qa2 {[%clk 0:33:54]} 19. g4 {[%clk 0:13:01]} hxg4
{[%clk 0:31:01]} 20. Rxg4 {[%clk 0:11:22]} Rh8 {[%clk 0:27:33]} 21. Ne5
{[%clk 0:10:25]} Rh5 {[%clk 0:22:38]} 22. f4 {[%clk 0:07:44]} Qb2
{[%clk 0:17:27]} 23. Qf3 {[%clk 0:03:43]} Qd4+ {[%clk 0:16:57]} 24. Kh1
{[%clk 0:04:07]} Rah8 {[%clk 0:15:26]} 25. h3 {[%clk 0:04:33]} Bd7
{[%clk 0:11:17]} 26. Nxd7 {[%clk 0:04:26]} Qxd7 {[%clk 0:11:43]} 27. f5
{[%clk 0:04:51]} R8h6 {[%clk 0:06:41]} 28. e5 {[%clk 0:03:51]} g5
{[%clk 0:05:12]} 29. f6+ {[%clk 0:01:44]} exf6 {[%clk 0:05:37]} 30. exf6+
{[%clk 0:02:11]} Kg8 {[%clk 0:05:32]} 31. Qe3 {[%clk 0:01:25]} Rg6
{[%clk 0:05:08]} 32. Kg1 {[%clk 0:01:07]} Nc7 {[%clk 0:02:23]} 33. Rd4
{[%clk 0:01:34]} Qc8 {[%clk 0:02:12]} 34. Qe7 {[%clk 0:01:36]} Ne6
{[%clk 0:02:16]} 35. Rc4 {[%clk 0:01:08]} Qb8 {[%clk 0:02:13]} 36. Rfc1
{[%clk 0:01:04]} Qa7+ {[%clk 0:01:03]} 37. Kh1 {[%clk 0:01:30]} 1-0

[Event "European Youth Chess Championship G16"]
[Site "Prague, Top Hotel Prague"]
[Date "2012.08.18"]
[Round "2.11"]
[White "Papathanasiou, Elisavet"]
[Black "Imnadze, Nato"]
[Result "0-1"]
[WhiteElo "1896"]
[BlackElo "2030"]
[PlyCount "72"]
[EventDate "2012.08.17"]

1. d4 g6 2. g3 Bg7 3. Bg2 d6 4. e4 Nf6 5. Nc3 c6 6. Nge2 O-O 7. O-O Nbd7 8. h3
e5 9. Be3 Qc7 10. Qd2 b5 11. Bh6 Re8 12. Bxg7 Kxg7 13. a3 Bb7 14. d5 cxd5 15.
Nxd5 Nxd5 16. exd5 Rac8 17. Nc3 a6 18. f4 Nb6 19. f5 f6 20. fxg6 hxg6 21. g4
Qc5+ 22. Rf2 Nc4 23. Qc1 Rf8 24. Ne4 Qb6 25. Nc3 Ne3 26. Qd2 Nxg2 27. Kxg2 Rc4
28. Qe2 Qc5 29. Rd1 a5 30. Kh2 b4 31. Ne4 Rxe4 32. Qf1 Re3 33. axb4 axb4 34.
Qg2 Rh8 35. Rf3 Rxf3 36. Qxf3 Qxc2+ 0-1

[Event "European Youth Chess Championship G16"]
[Site "Prague, Top Hotel Prague"]
[Date "2012.08.18"]
[Round "2.12"]
[White "Visanescu, Daria-Ioana"]
[Black "Leonardi, Caterina"]
[Result "1-0"]
[WhiteElo "2019"]
[BlackElo "1884"]
[PlyCount "73"]
[EventDate "2012.08.17"]

1. e4 e6 2. d3 d5 3. Nd2 c5 4. Ngf3 Nf6 5. g3 Nc6 6. Bg2 Be7 7. O-O O-O 8. e5
Nd7 9. Re1 f6 10. exf6 Bxf6 11. Bh3 Nde5 12. Nxe5 Bxe5 13. f4 Bd4+ 14. Kg2 Qd6
15. Nf3 Bf6 16. Qe2 b6 17. a3 Re8 18. Ne5 Nd4 19. Qd1 Nf5 20. Qh5 Rf8 21. Bd2
c4 22. Bb4 Qd8 23. Bxf8 Qxf8 24. Bxf5 exf5 25. d4 Be6 26. c3 b5 27. Qf3 a5 28.
Nxc4 Bf7 29. Ne5 Rc8 30. Qd3 b4 31. axb4 axb4 32. Nxf7 Qxf7 33. cxb4 Qd7 34.
Rac1 Rb8 35. Qe3 Rxb4 36. Rc7 Rxb2+ 37. Kh1 1-0

[Event "European Youth Chess Championship G16"]
[Site "Prague, Top Hotel Prague"]
[Date "2012.08.18"]
[Round "2.13"]
[White "Dziodzio, Angelika"]
[Black "Garcia-Castany Musellas, Gal La"]
[Result "1/2-1/2"]
[WhiteElo "1886"]
[BlackElo "2019"]
[PlyCount "135"]
[EventDate "2012.08.17"]

1. e4 e5 2. Nf3 Nc6 3. Bb5 a6 4. Ba4 Nf6 5. d4 exd4 6. e5 Ne4 7. O-O Be7 8. Re1
Nc5 9. Bxc6 dxc6 10. Nxd4 O-O 11. Be3 f6 12. exf6 Bxf6 13. Nc3 Ne6 14. Nce2 Ng5
15. c3 c5 16. Nb3 b6 17. Qxd8 Rxd8 18. Rad1 Bf5 19. Ng3 Bc2 20. Rxd8+ Rxd8 21.
Nd2 g6 22. Bf4 Rd7 23. Nc4 Nf7 24. Ne3 Bd3 25. Ng4 Bh4 26. Rd1 c4 27. Nf1 h5
28. Nge3 Nd6 29. g3 Bf6 30. Nd5 Bd8 31. Nfe3 Ne4 32. h4 a5 33. Be5 Kf7 34. f3
Nc5 35. Nf4 Bf6 36. Bxf6 Kxf6 37. Rd2 c6 38. Kf2 b5 39. Neg2 Bb1 40. Rxd7 Nxd7
41. a3 Nc5 42. Ke2 Na4 43. Kd2 Bf5 44. Kc1 Ke5 45. Ne3 Kf6 46. Ne2 Bd7 47. Kc2
Nb6 48. b3 cxb3+ 49. Kxb3 c5 50. Nf4 Bc6 51. c4 b4 52. axb4 Ba4+ 53. Kb2 cxb4
54. c5 Nd7 55. Nc4 Nxc5 56. Nxa5 Bd1 57. Nd5+ Ke5 58. Nxb4 Bxf3 59. Nc4+ Kd4
60. Nb6 Nd3+ 61. Nxd3 Kxd3 62. Nd7 Be4 63. g4 hxg4 64. Ne5+ Ke3 65. Nxg4+ Kf4
66. Nf6 Bf3 67. Nd7 Bh5 68. Nf8 1/2-1/2

[Event "European Youth Chess Championship G16"]
[Site "Prague, Top Hotel Prague"]
[Date "2012.08.18"]
[Round "2.14"]
[White "Utiatskaja, Irina"]
[Black "Zamanova, Bikakhanim"]
[Result "1-0"]
[WhiteElo "2012"]
[BlackElo "1788"]
[PlyCount "85"]
[EventDate "2012.08.17"]

1. e4 c5 2. Nf3 Nc6 3. d4 cxd4 4. Nxd4 e5 5. Nb5 d6 6. N1c3 a6 7. Na3 b5 8. Nd5
Nf6 9. Bg5 Be7 10. Bxf6 Bxf6 11. c3 O-O 12. Nc2 Bg5 13. a4 Rb8 14. axb5 axb5
15. Bd3 f5 16. exf5 Bxf5 17. Bxf5 Rxf5 18. O-O Rf7 19. Ra6 Na5 20. Ndb4 Qc7 21.
Rxa5 Qxa5 22. Nc6 Qc7 23. Nxb8 Qxb8 24. Qd5 Qb6 25. Nb4 g6 26. g3 Kg7 27. Qd3
Qc5 28. h4 Bd8 29. Nd5 Qc4 30. Qxc4 bxc4 31. Ne3 Rc7 32. Ra1 Rc5 33. Ra4 d5 34.
Ra7+ Kf6 35. Rd7 Ba5 36. Rxd5 Rxd5 37. Nxd5+ Ke6 38. Ne3 Bc7 39. Nxc4 Kd5 40.
Ne3+ Kc5 41. Kf1 e4 42. Ke2 Be5 43. Kd2 1-0

[Event "European Youth Chess Championship G16"]
[Site "Prague, Top Hotel Prague"]
[Date "2012.08.18"]
[Round "2.17"]
[White "Bivol, Alina"]
[Black "Nicolajsen, Thea"]
[Result "1-0"]
[WhiteElo "2142"]
[BlackElo "1691"]
[PlyCount "67"]
[EventDate "2012.08.17"]

1. e4 c6 2. d4 d5 3. f3 dxe4 4. fxe4 e5 5. Nf3 Bg4 6. Bc4 Nd7 7. O-O Ngf6 8. c3
Be7 9. Be3 O-O 10. Nbd2 Qc7 11. Qe1 Bd6 12. Qh4 Be7 13. Qg3 Bd6 14. Qh4 Bh5 15.
dxe5 Bxe5 16. Nxe5 Qxe5 17. Rf5 Qc7 18. e5 Bg6 19. Rg5 Nd5 20. Bd4 b5 21. Bb3
a5 22. Nf3 a4 23. Bxd5 cxd5 24. Rxg6 fxg6 25. Ng5 h6 26. Ne6 Qc4 27. Nxf8 Nxf8
28. Qe7 Qc6 29. Rf1 Re8 30. Rxf8+ Rxf8 31. e6 Rf6 32. Bxf6 gxf6 33. Qf7+ Kh8
34. Qxf6+ 1-0

[Event "European Youth Chess Championship G16"]
[Site "Prague, Top Hotel Prague"]
[Date "2012.08.18"]
[Round "2.19"]
[White "Tomin, Ksenija"]
[Black "Uzlavataya, Anhelina"]
[Result "0-1"]
[WhiteElo "1954"]
[BlackElo "1862"]
[PlyCount "118"]
[EventDate "2012.08.17"]

1. e4 Nf6 2. e5 Nd5 3. d4 d6 4. c4 Nb6 5. exd6 cxd6 6. Nc3 g6 7. Be3 Bg7 8. Rc1
O-O 9. Nf3 Nc6 10. Be2 Bg4 11. b3 d5 12. c5 Nc8 13. O-O e6 14. a3 N8e7 15. h3
Bxf3 16. Bxf3 Nf5 17. Ne2 Nh4 18. b4 Nxf3+ 19. gxf3 a6 20. Qd2 Qh4 21. Kg2 h6
22. a4 Rfd8 23. Rfd1 e5 24. b5 axb5 25. axb5 Na5 26. Qb4 Nc4 27. Rc2 e4 28. f4
Qh5 29. Kh2 Ra3 30. Qe1 Nxe3 31. fxe3 Rxe3 32. Qf1 Ra8 33. Ng1 g5 34. Rdd2 g4
35. c6 bxc6 36. bxc6 Rc8 37. c7 Qf5 38. Rc6 Qd7 39. Qb5 Rc3 40. Rc5 Qxb5 41.
Rxb5 g3+ 42. Kg2 R8xc7 43. Rxd5 Rd3 44. Re2 Re7 45. Rd8+ Kh7 46. d5 Bd4 47. h4
Bb6 48. Rb8 Bxg1 49. Kxg1 Rxd5 50. Rb4 f5 51. Rb3 Rg7 52. Kg2 Rg4 53. Rxg3
Rxg3+ 54. Kxg3 Rd3+ 55. Kg2 Rf3 56. Rf2 Rxf2+ 57. Kxf2 Kg6 58. Kg3 Kh5 59. Kh3
e3 0-1

[Event "European Youth Chess Championship G16"]
[Site "Prague, Top Hotel Prague"]
[Date "2012.08.18"]
[Round "2.20"]
[White "Johnova, Eliska"]
[Black "Ivanova, Simoneta"]
[Result "0-1"]
[WhiteElo "1798"]
[BlackElo "1952"]
[PlyCount "58"]
[EventDate "2012.08.17"]

1. e4 e5 2. Nc3 Nc6 3. Bc4 Nf6 4. f4 Bc5 5. Nf3 d6 6. d3 Bg4 7. h3 Bxf3 8. Qxf3
Nd4 9. Qd1 c6 10. fxe5 dxe5 11. a3 b5 12. Ba2 O-O 13. Bg5 Qd6 14. Rf1 Nd7 15.
Ne2 Qg6 16. h4 h6 17. Nxd4 Bxd4 18. c3 hxg5 19. h5 Qd6 20. cxd4 exd4 21. Qg4
Ne5 22. Qg3 g4 23. Rf5 Rae8 24. Ke2 c5 25. Rc1 c4 26. dxc4 bxc4 27. Qf4 d3+ 28.
Kd2 Qd4 29. Rc3 Nf3+ 0-1

[Event "European Youth Chess Championship G16"]
[Site "Prague, Top Hotel Prague"]
[Date "2012.08.18"]
[Round "2.21"]
[White "Machlik, Monika"]
[Black "Cemhan, Kardelen"]
[Result "0-1"]
[WhiteElo "1718"]
[BlackElo "1938"]
[PlyCount "156"]
[EventDate "2012.08.17"]

1. d4 d5 2. c4 dxc4 3. Nf3 Nf6 4. e3 e6 5. Bxc4 c5 6. O-O a6 7. Nc3 b5 8. Bb3
Bb7 9. Qe2 Nbd7 10. Rd1 Qc7 11. Bd2 Be7 12. Rac1 Rc8 13. Be1 O-O 14. h3 Qb8 15.
d5 exd5 16. Nxd5 Nxd5 17. Bxd5 Bxd5 18. Rxd5 Nf6 19. Rdd1 Qb7 20. Nd2 Rfd8 21.
Nb3 c4 22. Nd4 Ne4 23. Qf3 Nc5 24. Qxb7 Nxb7 25. Nf3 Bf6 26. Bc3 Rxd1+ 27. Rxd1
Bxc3 28. bxc3 Rd8 29. Rxd8+ Nxd8 30. Kf1 Ne6 31. Nd4 Nc5 32. f3 Na4 33. Ne2 Kf8
34. Ke1 Ke7 35. Kd2 Kd6 36. Ng3 a5 37. a3 Kd5 38. Ne4 f5 39. Ng3 g6 40. h4 Kc5
41. h5 b4 42. cxb4+ axb4 43. hxg6 hxg6 44. axb4+ Kxb4 45. Kc2 Nc3 46. Nf1 Nb5
47. g4 fxg4 48. fxg4 c3 49. Ng3 Na3+ 50. Kc1 Nc4 51. e4 Kb3 52. Ne2 Ne5 53. Nf4
g5 54. Ne2 Nd3+ 55. Kd1 Nf2+ 56. Kc1 Nxe4 57. Nd4+ Kc4 58. Nf3 Kd3 59. Ne5+ Ke3
60. Kc2 Kf4 61. Nc6 Kxg4 62. Nd4 Kf4 63. Ne6+ Kf5 64. Nd4+ Ke5 65. Nf3+ Kf4 66.
Ne1 g4 67. Kd3 g3 68. Ke2 c2 69. Nd3+ Kg4 70. Kf1 Kh3 71. Kg1 Nc5 72. Nc1 Ne6
73. Nd3 Nd4 74. Nf4+ Kg4 75. Nd3 Ne2+ 76. Kf1 c1=Q+ 77. Nxc1 Nxc1 78. Kg2 Kf4
0-1

[Event "European Youth Chess Championship G16"]
[Site "Prague, Top Hotel Prague"]
[Date "2012.08.18"]
[Round "2.22"]
[White "Shepherd, Katherine M"]
[Black "Jacimovic, Sara"]
[Result "1-0"]
[WhiteElo "1766"]
[BlackElo "1933"]
[PlyCount "101"]
[EventDate "2012.08.17"]

1. d4 d5 2. Bf4 Nf6 3. e3 c5 4. c3 Nc6 5. Nd2 Bf5 6. Ngf3 Qb6 7. Qb3 c4 8. Qxb6
axb6 9. a3 h6 10. h3 e6 11. Be2 Be7 12. O-O O-O 13. Rfe1 Bh7 14. Rac1 Rfe8 15.
Bd1 Bf8 16. Bc2 Nd7 17. Bxh7+ Kxh7 18. e4 b5 19. exd5 exd5 20. Nf1 Rec8 21. Ne3
Nb6 22. Re2 g5 23. Bh2 Nb8 24. Rce1 N8d7 25. Ne5 Nxe5 26. Bxe5 Rc6 27. Bh2 Bd6
28. Bxd6 Rxd6 29. Nf5 Rd7 30. Re7 Rad8 31. R1e6 Nc8 32. Rxh6+ Kg8 33. Re3 Nd6
34. Rxd6 Rxd6 35. Nxd6 Rxd6 36. Re5 f6 37. Re7 b6 38. f3 Kf8 39. Rb7 Ke8 40.
Kf2 Re6 41. g3 Rd6 42. Rh7 Kf8 43. f4 Kg8 44. Rb7 Kf8 45. f5 Kg8 46. Kf3 Kf8
47. Kg4 Kg8 48. Kh5 Kf8 49. Kg6 Ke8 50. h4 gxh4 51. gxh4 1-0

[Event "European Youth Chess Championship G16"]
[Site "Prague, Top Hotel Prague"]
[Date "2012.08.18"]
[Round "2.23"]
[White "Colantuono, Virginia"]
[Black "Trippold, Denise"]
[Result "1-0"]
[WhiteElo "1892"]
[BlackElo "1773"]
[PlyCount "68"]
[EventDate "2012.08.17"]

1. e4 c5 2. Nf3 e6 3. d4 cxd4 4. Nxd4 Nc6 5. Nc3 a6 6. Be3 Qc7 7. Be2 Nf6 8.
O-O Bb4 9. f3 Ne5 10. f4 Nc4 11. Bxc4 Qxc4 12. e5 Nd5 13. Nxd5 Qxd5 14. Qg4 O-O
15. Rf3 f5 16. Qh5 g6 17. Qh6 b5 18. Rg3 Rf7 19. Nf3 Bf8 20. Qh3 Be7 21. Ng5
Bxg5 22. Rxg5 Bb7 23. Qg3 Rc8 24. c3 a5 25. h4 Rg7 26. h5 Kf7 27. Bd4 b4 28.
Kh2 bxc3 29. bxc3 a4 30. a3 Rc4 31. Qh4 Rc8 32. Rc1 gxh5 33. Qxh5+ Kf8 34. Qh6
Qxg2+ 1-0

[Event "European Youth Chess Championship G16"]
[Site "Prague, Top Hotel Prague"]
[Date "2012.08.18"]
[Round "2.24"]
[White "Bellaiche, Elise"]
[Black "Sen, Beril Berfin"]
[Result "1-0"]
[WhiteElo "1992"]
[BlackElo "1586"]
[PlyCount "87"]
[EventDate "2012.08.17"]

1. e4 e5 2. Nf3 Nc6 3. Bc4 Bc5 4. d3 Nf6 5. c3 d6 6. b4 Bb6 7. Bb3 O-O 8. Nbd2
h6 9. O-O Be6 10. Nc4 Ne7 11. a4 Bxc4 12. Bxc4 a5 13. b5 c6 14. bxc6 bxc6 15.
Ba2 Ng6 16. Rb1 d5 17. Ba3 Re8 18. Qc2 Rb8 19. h3 Qd7 20. Rfd1 Nf4 21. c4 Bc7
22. cxd5 cxd5 23. Rdc1 Bd6 24. Rxb8 Rxb8 25. Bb2 d4 26. Rb1 Rc8 27. Qd1 Qe7 28.
Bc1 N6h5 29. Kh2 g5 30. g3 Ne6 31. Nd2 Nf6 32. Nc4 Qc7 33. Bd2 Ra8 34. Rb5 Nc5
35. Bxa5 Qc6 36. Rb6 Qxa4 37. Qxa4 Nxa4 38. Rxd6 Kg7 39. Bb1 Nc3 40. Bxc3 dxc3
41. Bc2 Ra2 42. Ne3 g4 43. Rc6 Ra3 44. Nd1 1-0

[Event "European Youth Chess Championship G16"]
[Site "Prague, Top Hotel Prague"]
[Date "2012.08.18"]
[Round "2.25"]
[White "Chetina, Elizaveta"]
[Black "Styazhkina, Anna"]
[Result "0-1"]
[WhiteElo "1793"]
[BlackElo "2150"]
[PlyCount "98"]
[EventDate "2012.08.17"]

1. e4 e5 2. Nf3 Nc6 3. Bc4 d6 4. d4 exd4 5. Nxd4 g6 6. O-O Bg7 7. Be3 Nf6 8.
Nc3 O-O 9. f3 Ne5 10. Be2 Re8 11. Qd2 d5 12. exd5 Nxd5 13. Bg5 f6 14. Bh4 Nf7
15. Nxd5 Qxd5 16. Rfe1 Bh6 17. Qc3 Bd7 18. Bc4 Qh5 19. Bg3 c5 20. Ne6 b5 21.
Nc7 bxc4 22. Nxa8 Rxa8 23. Qxc4 Bf8 24. Rad1 Qf5 25. Qb3 Bc6 26. Bd6 c4 27.
Qxc4 Bb5 28. Qb3 Bxd6 29. Rd5 Ba4 30. Rxf5 Bxb3 31. Rb5 Bxc2 32. Rc1 Bf5 33. h3
Be6 34. a3 Ne5 35. Rd1 Be7 36. Rb7 Bc5+ 37. Kh1 Bb6 38. Re7 Bf7 39. Rc1 Kf8 40.
Rb7 h5 41. Rd1 Be8 42. Rd6 Nd7 43. b4 Rc8 44. Rd1 Ne5 45. f4 Nf7 46. Re1 h4 47.
Kh2 Bc6 48. Rbe7 Bf2 49. R1e6 Bd5 0-1

[Event "European Youth Chess Championship G16"]
[Site "Prague, Top Hotel Prague"]
[Date "2012.08.18"]
[Round "2.27"]
[White "Skakun, Valentina"]
[Black "Hiebler, Laura"]
[Result "1/2-1/2"]
[WhiteElo "1884"]
[BlackElo "1795"]
[PlyCount "97"]
[EventDate "2012.08.17"]

1. d4 Nf6 2. c4 e6 3. Nc3 Bb4 4. Qc2 d5 5. cxd5 exd5 6. Bg5 h6 7. Bxf6 Qxf6 8.
a3 Bxc3+ 9. Qxc3 O-O 10. Nf3 c6 11. e3 Bf5 12. Be2 Nd7 13. O-O Qd6 14. Bd3 Bxd3
15. Qxd3 Nf6 16. Rfc1 Ne4 17. b4 a6 18. Rab1 Rfc8 19. a4 Ra7 20. Rc2 Rb8 21. h3
g6 22. Nd2 Nxd2 23. Qxd2 Rc8 24. Rbc1 Raa8 25. b5 axb5 26. axb5 Qd7 27. bxc6
bxc6 28. Rc5 Ra7 29. Qc2 Rac7 30. e4 dxe4 31. Qxe4 Rd8 32. Qf4 Rcc8 33. R5c4 h5
34. Qf3 Kg7 35. Qc3 Kh7 36. Qc2 Kg7 37. Qc3 Kh7 38. Qc2 Kg7 39. Qc3 Kh7 40. Qc2
Kg7 41. Rd1 Qe6 42. Qc3 Kh7 43. Re1 Qf6 44. Re5 Kg7 45. Rec5 Rd6 46. d5 cxd5
47. Qxf6+ Rxf6 48. Rxc8 dxc4 49. Rxc4 $11 1/2-1/2

[Event "European Youth Chess Championship G16"]
[Site "Prague, Top Hotel Prague"]
[Date "2012.08.18"]
[Round "2.28"]
[White "Rodsmoen, Maud"]
[Black "Beshukova, Ekaterina"]
[Result "0-1"]
[WhiteElo "1777"]
[BlackElo "1879"]
[PlyCount "118"]
[EventDate "2012.08.17"]

1. e4 c5 2. Nf3 e6 3. d4 cxd4 4. Nxd4 a6 5. c4 Nf6 6. Nc3 d6 7. Be2 Be7 8. O-O
O-O 9. Bf3 Qc7 10. Qe2 Nbd7 11. Bd2 Ne5 12. b3 b6 13. Rac1 Bb7 14. Rfd1 Rac8
15. h3 Qb8 16. Bf4 Qa8 17. Nc2 b5 18. Bxe5 dxe5 19. Ne3 b4 20. Na4 Bd8 21. Ng4
Nxg4 22. hxg4 Qa7 23. Rd7 Bc7 24. Rd3 Bc6 25. Nb2 Bb6 26. Rd2 Bd4 27. Nd3 a5
28. a3 Qb7 29. axb4 axb4 30. Ra2 Ra8 31. Rcc2 Rxa2 32. Rxa2 Rd8 33. Ra5 f6 34.
Ra2 Qb6 35. Qc2 Bc3 36. c5 Qb7 37. Qe2 Bb5 38. c6 Qxc6 39. Nxb4 Bxb4 40. Qc2
Qb7 41. Qc1 Bd3 42. Kh2 Bxe4 43. Bxe4 Qxe4 44. Qc7 Rf8 45. f3 Qf4+ 46. Kg1 Qe3+
47. Kh2 Bc5 48. g3 Bd4 49. Qb7 f5 50. gxf5 exf5 51. Qd5+ Kh8 52. f4 exf4 53.
gxf4 Qxf4+ 54. Kg2 Qe4+ 55. Qxe4 fxe4 56. b4 e3 57. b5 Rf2+ 58. Rxf2 exf2 59.
Kf1 g5 0-1

[Event "European Youth Chess Championship G16"]
[Site "Prague, Top Hotel Prague"]
[Date "2012.08.18"]
[Round "2.29"]
[White "Gogishvili, Dea"]
[Black "Luzikova, Nicola"]
[Result "1/2-1/2"]
[WhiteElo "1875"]
[BlackElo "1769"]
[PlyCount "84"]
[EventDate "2012.08.17"]

1. e4 d5 2. exd5 Nf6 3. Nc3 Nxd5 4. g3 c6 5. Bg2 Bf5 6. d3 e6 7. Nf3 Be7 8. O-O
O-O 9. Bd2 Nd7 10. a3 N7f6 11. h3 Qb6 12. Rb1 Qc7 13. Nh4 Bg6 14. Nxg6 hxg6 15.
b4 Nxc3 16. Bxc3 Nd5 17. Bd2 Bf6 18. Rb3 Rfd8 19. Qe2 Qe5 20. Qf3 Qf5 21. b5
Qxf3 22. Bxf3 cxb5 23. Rxb5 b6 24. Rb3 Rac8 25. c4 Ne7 26. Be4 Nc6 27. Bxc6
Rxc6 28. Bf4 e5 29. Be3 Rcd6 30. Rd1 e4 31. c5 bxc5 32. Bxc5 Rxd3 33. Rbxd3
exd3 34. Bxa7 Be7 35. a4 Bb4 36. Bb6 Rd6 37. a5 d2 38. Kf1 Re6 39. Be3 Bxa5 40.
Bxd2 Bxd2 41. Rxd2 g5 42. Kg2 f6 1/2-1/2

[Event "European Youth Chess Championship G16"]
[Site "Prague, Top Hotel Prague"]
[Date "2012.08.18"]
[Round "2.30"]
[White "Kejzar, Petra"]
[Black "Rojikova, Lenka"]
[Result "1-0"]
[WhiteElo "1704"]
[BlackElo "1866"]
[PlyCount "79"]
[EventDate "2012.08.17"]

1. e4 c5 2. Nf3 d6 3. d4 cxd4 4. Qxd4 a6 5. c4 Nc6 6. Qe3 Nf6 7. Nc3 e6 8. Be2
Be7 9. O-O O-O 10. b3 Ng4 11. Qd2 Nce5 12. Nxe5 Nxe5 13. f4 Ng6 14. Bb2 Bd7 15.
Rad1 Bc6 16. Bg4 b5 17. Qd4 e5 18. fxe5 Nxe5 19. cxb5 axb5 20. Be2 Qa5 21. a3
Rab8 22. Nd5 Bxd5 23. Qxd5 Qa7+ 24. Kh1 Qe3 25. Bxb5 Ng4 26. Bd4 Qh6 27. Bg1
Bg5 28. Be2 Nf6 29. Qd3 Rfe8 30. Bf3 Bf4 31. b4 Rbc8 32. a4 Be5 33. h3 Rc3 34.
Qd2 Qg6 35. Bd4 Rc4 36. Bxe5 dxe5 37. a5 Nxe4 38. Bxe4 Qxe4 39. Qd7 Rf8 40.
Qxf7+ 1-0

[Event "European Youth Chess Championship G16"]
[Site "Prague, Top Hotel Prague"]
[Date "2012.08.18"]
[Round "2.31"]
[White "Federovski, Adi"]
[Black "Amiridou, Dimitra"]
[Result "0-1"]
[WhiteElo "1851"]
[BlackElo "1752"]
[PlyCount "74"]
[EventDate "2012.08.17"]

1. e4 c5 2. Nc3 Nc6 3. g3 e6 4. Bg2 Nf6 5. d3 d6 6. Be3 Nd4 7. h3 Rb8 8. Nge2
e5 9. O-O b5 10. Nb1 b4 11. f4 Be7 12. f5 g6 13. c3 Nxe2+ 14. Qxe2 Rg8 15. g4
gxf5 16. gxf5 d5 17. Kh1 bxc3 18. bxc3 Ba6 19. exd5 Nxd5 20. Bxc5 Rxg2 21. Qxg2
Bxc5 22. Re1 f6 23. d4 Bb7 24. Kh2 Ne7 25. Qg4 exd4 26. Qg8+ Kd7 27. Qe6+ Kc7
28. Qxf6 Bd6+ 29. Re5 Bxe5+ 30. Qxe5+ Qd6 31. cxd4 Nxf5 32. Nc3 Nxd4 33. Qxd6+
Kxd6 34. Rd1 Ke5 35. Kg3 Rg8+ 36. Kh4 Nf5+ 37. Kh5 Bf3# 0-1

[Event "European Youth Chess Championship G16"]
[Site "Prague, Top Hotel Prague"]
[Date "2012.08.18"]
[Round "2.32"]
[White "Zemkova, Klara"]
[Black "Rykala, Monika"]
[Result "1/2-1/2"]
[WhiteElo "1646"]
[BlackElo "1844"]
[PlyCount "81"]
[EventDate "2012.08.17"]

1. e4 c5 2. Nf3 d6 3. d4 cxd4 4. Nxd4 Nf6 5. Nc3 a6 6. Be3 e5 7. Nb3 Be6 8. f3
Be7 9. Qe2 h5 10. Qf2 Nbd7 11. Be2 b5 12. O-O Qc7 13. Rad1 Rb8 14. a3 Bc4 15.
Nc1 Be6 16. Nd3 a5 17. Rd2 b4 18. axb4 axb4 19. Na4 Qc6 20. Ra1 g5 21. c3 bxc3
22. Rc2 cxb2 23. Rxb2 Rxb2 24. Naxb2 d5 25. exd5 Nxd5 26. Bd1 O-O 27. Ba4 Qa8
28. Bd2 f6 29. Qe1 Qb8 30. Bxd7 Bxd7 31. Qe4 Bc6 32. Qg6+ Kh8 33. Qh6+ Kg8 34.
Qg6+ Kh8 35. Qh6+ Kg8 36. Qg6+ Kh8 37. Qh6+ Kg8 38. Qg6+ Kh8 39. Qh6+ Kg8 40.
Qg6+ Kh8 41. Qh6+ 1/2-1/2

[Event "European Youth Chess Championship G16"]
[Site "Prague, Top Hotel Prague"]
[Date "2012.08.18"]
[Round "2.33"]
[White "Bartsits, Sabina"]
[Black "Kopnicka, Henrieta"]
[Result "1/2-1/2"]
[WhiteElo "1841"]
[BlackElo "1711"]
[PlyCount "107"]
[EventDate "2012.08.17"]

1. d4 Nf6 2. c4 e6 3. Nc3 d5 4. e3 Be7 5. Bd3 c6 6. b3 Nbd7 7. Nf3 O-O 8. O-O
dxc4 9. bxc4 c5 10. Bc2 cxd4 11. exd4 b6 12. Qd3 Re8 13. Bf4 Ba6 14. a4 Nf8 15.
Nb5 Rc8 16. Bb3 Ng6 17. Bg3 Qd7 18. Ne5 Nxe5 19. Bxe5 Red8 20. Bc2 g6 21. h3
Ne8 22. Rfd1 Nd6 23. Bb3 Nf5 24. g4 Ng7 25. Qe3 Ne8 26. Rac1 Bf6 27. Bxf6 Nxf6
28. Rc2 Qe7 29. Re2 Ne8 30. d5 Bxb5 31. axb5 Rd6 32. Ra1 Rc7 33. Qe5 Ng7 34.
Rd1 f6 35. Qa1 Qf8 36. dxe6 Rxd1+ 37. Qxd1 Qe7 38. Qd5 Ne8 39. Rd2 Kg7 40. Bd1
Rc5 41. Qd7 Rc7 42. Qxe7+ Rxe7 43. Rd7 Kf8 44. Bf3 Nc7 45. Rd8+ Re8 46. Rxe8+
Kxe8 47. Bd5 Ke7 48. Kg2 a6 49. bxa6 Nxa6 50. Kf3 Nc5 51. Kf4 Nxe6+ 52. Bxe6
Kxe6 53. Ke4 Kd6 54. Kd4 1/2-1/2

[Event "European Youth Chess Championship G16"]
[Site "Prague, Top Hotel Prague"]
[Date "2012.08.18"]
[Round "2.34"]
[White "Hatasova, Michaela"]
[Black "Tarnowska, Aleksandra"]
[Result "1/2-1/2"]
[WhiteElo "1641"]
[BlackElo "1839"]
[PlyCount "133"]
[EventDate "2012.08.17"]

1. c4 e5 2. g3 f5 3. Bg2 Nc6 4. Nc3 Nf6 5. e3 d6 6. d4 e4 7. f3 exf3 8. Nxf3 g6
9. O-O Bg7 10. a3 a5 11. Rb1 O-O 12. b4 axb4 13. axb4 Ne7 14. Qb3 Kh8 15. c5 d5
16. b5 Be6 17. Ne2 h6 18. Nf4 Bg8 19. Ne5 Qe8 20. c6 g5 21. cxb7 Rb8 22. Ba3
gxf4 23. Bxe7 fxg3 24. hxg3 Be6 25. Bxf8 Bxf8 26. Nd3 Rxb7 27. Nf4 Bd7 28. Nxd5
Nxd5 29. Qxd5 Rb6 30. e4 fxe4 31. Bxe4 Bg7 32. Bf5 Rd6 33. Qf3 Bxd4+ 34. Kh2
Bg7 35. Rbe1 Rd2+ 36. Kh1 Qf8 37. Bxd7 Qxf3+ 38. Rxf3 Rxd7 39. Rb3 Rd5 40. Re8+
Kh7 41. Re7 Rc5 42. Rb4 Kh8 43. Kh2 Bf8 44. Re8 Kg7 45. Rb8 Kf7 46. Ra8 Be7 47.
Ra3 Bf6 48. Rf3 Ke7 49. b6 cxb6 50. Rxb6 Bg5 51. Rg6 Re5 52. Kh3 Rd5 53. Kg4
Rd4+ 54. Kh5 Rd5 55. Rxg5 hxg5 56. Kg6 g4 57. Rf4 Rc5 58. Rxg4 Kf8 59. Rf4+ Kg8
60. g4 Rc7 61. Rf6 Rg7+ 62. Kf5 Rc7 63. g5 Rb7 64. Kg6 Rg7+ 65. Kh5 Rh7+ 66.
Rh6 Rd7 67. Rg6+ 1/2-1/2

[Event "European Youth Chess Championship G16"]
[Site "Prague, Top Hotel Prague"]
[Date "2012.08.18"]
[Round "2.35"]
[White "Harutyunyan, Ani"]
[Black "Pistovcakova, Aneta"]
[Result "1-0"]
[WhiteElo "1835"]
[BlackElo "1642"]
[PlyCount "93"]
[EventDate "2012.08.17"]

1. d4 Nf6 2. c4 g6 3. f3 c5 4. d5 d6 5. Nc3 Bg7 6. e4 O-O 7. Bg5 Nbd7 8. Qd2 a6
9. Nh3 Nb6 10. Nf2 Bd7 11. a4 Rb8 12. Bh6 Na8 13. Bxg7 Kxg7 14. a5 Nc7 15. Bd3
b5 16. axb6 Rxb6 17. g4 Qb8 18. Nfd1 e6 19. h4 h5 20. Rg1 exd5 21. g5 Nh7 22.
exd5 Re8+ 23. Kf2 Re7 24. Ne4 Bf5 25. Qc3+ Kg8 26. Nf6+ Nxf6 27. gxf6 Re5 28.
f4 Rb3 29. Qc1 Rxd3 30. fxe5 dxe5 31. Qg5 Bg4 32. Qxe5 Rd2+ 33. Kg3 Rd3+ 34.
Ne3 Qd8 35. Ra3 Rxa3 36. bxa3 Bc8 37. Qe7 Qd7 38. Qxd7 Bxd7 39. Rb1 Ne8 40. Rb8
Kh7 41. Rb6 Bc8 42. Kf4 Kh6 43. Ke5 g5 44. Nf5+ Bxf5 45. Kxf5 gxh4 46. d6 h3
47. d7 1-0